Marketing and the service strategy

Enregistré dans:
Détails bibliographiques
Auteur principal: Karkalíková, Marta
Autres auteurs: Lacková, Alica
Format: Chapitre de livre
Langue:anglais
Tags: Ajouter un tag
Pas de tags, Soyez le premier à ajouter un tag!

MARC

LEADER 00000naa$a2200000$$$4500
001 0135554
005 20240502072523.4
041 0 |a eng 
044 |a SK 
245 1 0 |a Marketing and the service strategy  |c Marta Karkalíková, Alica Lacková 
100 1 |a Karkalíková, Marta 
700 1 |a Lacková, Alica